Statistics for which country if famous with these food(s) #2

Click here to take the quiz!

General Stats

  • This quiz has been taken 8 times
  • The average score is 13 of 23

Answer Stats

HintAnswer% Correct
hummus, falafelegypt
100%
khoresh-e ghormeh
sabzi
iran
83%
masgoufiraq
83%
baklava, kumpir,
pide
turkey
83%
borschtukraine
83%
sarmale, ciorba de
burta
romania
67%
pickled herringsweden
67%
couscous, kesra,
dolma
algeria
50%
harissaarmenia
50%
plov,shah plov, dolmaazerbaijan
50%
ropa viejacuba
50%
peaches in pies,
jams, jellies
georgia
50%
pylsa, kleinuriceland
50%
bazinlibya
50%
chicken rice,chili crabsingapore
50%
oyster omelet, beef
noodles
taiwan
50%
escudellaandorra
33%
asadosargentina
33%
fejioadabrazil
33%
sopa de caracol,
tamales
honduras
33%
beshbarmakkazakhstan
33%
barbajuanmonaco
33%
adobo, crispy pataphilippines
33%

Score Distribution

Percentile by Number Answered

Percent of People with Each Score

Your Score History

You have not taken this quiz